Naked project management the bare facts /

Bibliographic Details
Main Author: Lock, Dennis.
Corporate Author: ProQuest (Firm)
Format: Electronic eBook
Language:English
Published: Farnham ; Burlington, Vt. : Gower, c2013.
Subjects:
Online Access:Click to View
LEADER 01267nam a2200349 a 4500
001 EBC1123212
003 MiAaPQ
005 20200520144314.0
006 m o d |
007 cr cn|||||||||
008 120726s2013 enka sb 001 0 eng d
010 |z  2012029750 
020 |z 9781409461050 (pbk. alk. paper) 
020 |a 9781409461067 (electronic bk.) 
035 |a (MiAaPQ)EBC1123212 
035 |a (Au-PeEL)EBL1123212 
035 |a (CaPaEBR)ebr10653130 
035 |a (CaONFJC)MIL436897 
035 |a (OCoLC)827207016 
040 |a MiAaPQ  |c MiAaPQ  |d MiAaPQ 
050 4 |a HD69.P75  |b L627 2013 
082 0 4 |a 658.4/04  |2 23 
100 1 |a Lock, Dennis. 
245 1 0 |a Naked project management  |h [electronic resource] :  |b the bare facts /  |c Dennis Lock. 
260 |a Farnham ;  |a Burlington, Vt. :  |b Gower,  |c c2013. 
300 |a vi, 112 p. :  |b ill. 
504 |a Includes bibliographical references and index. 
533 |a Electronic reproduction. Ann Arbor, MI : ProQuest, 2015. Available via World Wide Web. Access may be limited to ProQuest affiliated libraries. 
650 0 |a Project management. 
655 4 |a Electronic books. 
710 2 |a ProQuest (Firm) 
856 4 0 |u https://ebookcentral.proquest.com/lib/matrademy/detail.action?docID=1123212  |z Click to View